00573nam a22001577a 450000500170000000800410001702000180005804100130007608200140008910000130010324501760011625000190029226000520031130000260036365000260038920231116141444.0231116b |||||||| |||| 00| 0 eng d a9789991639109 aEnglish  a343.7 PER lEnglish  aPerspectives on Energy Security and Renewable Energies in Sub-Saharan Africa : bPractical Opportunities and Regulatory Challenges / cedited by OC Ruppel and B Althusmann aFirst Edition  aWindhoek : bMacmillan Education Namibia c2015 b236 pages ; c25 cm.  aLegal practice bLaw